| 000 -LEADER |
| fixed length control field |
00707nam a22001577a 4500 |
| 003 - CONTROL NUMBER IDENTIFIER |
| control field |
OSt |
| 005 - DATE AND TIME OF LATEST TRANSACTION |
| control field |
20151217094504.0 |
| 008 - FIXED-LENGTH DATA ELEMENTS--GENERAL INFORMATION |
| fixed length control field |
151217b xxu||||| |||| 00| 0 eng d |
| 040 ## - CATALOGING SOURCE |
| Transcribing agency |
RUA |
| 082 ## - DEWEY DECIMAL CLASSIFICATION NUMBER |
| Classification number |
AED VAT 2004 B215 Or.1 |
| 100 ## - MAIN ENTRY--PERSONAL NAME |
| 9 (RLIN) |
4976 |
| Personal name |
VATH, PANHA. |
| 245 ## - TITLE STATEMENT |
| Title |
Study on the rice-seed marketing of super seed company in koh khel commune, sa ang district kandal province (ការសិក្សាផលិតពូជស្រូវរបស់ក្រុមហ៊ុនស៊ូភើស៊ីដក្នុងឃុំកោះខែលស្រុកស្អាងខេត្តកណ្ដាល) |
| 260 ## - PUBLICATION, DISTRIBUTION, ETC. (IMPRINT) |
| Place of publication, distribution, etc. |
Phnom Penh |
| Name of publisher, distributor, etc. |
RUA |
| Date of publication, distribution, etc. |
2004 |
| 300 ## - PHYSICAL DESCRIPTION |
| Other physical details |
ix, 61p. |
| Dimensions |
ill. |
| Accompanying material |
29cm. |
| 942 ## - ADDED ENTRY ELEMENTS (KOHA) |
| Source of classification or shelving scheme |
|
| Koha item type |
AED |